Self-regulated learning strategies and self-efficacy among Kulliyyah of Human Sciences IIUM undergraduate students /
Saved in:
| Main Author: | |
|---|---|
| Format: | Unknown |
| Language: | English |
| Tags: |
Add Tag
No Tags, Be the first to tag this record!
|
| LEADER | 005520000a22001090004500 | ||
|---|---|---|---|
| 008 | 210224n 000 0 eng u | ||
| 100 | 1 | |a Nursanti, Ade | |
| 245 | 1 | |a Self-regulated learning strategies and self-efficacy among Kulliyyah of Human Sciences IIUM undergraduate students / |c Ade Nursanti | |
| 264 | |a Kuala Lumpur : |b Center for Education and Human Development, International Islamic University Malaysia, |c 2003 | ||
| 596 | |a 1 | ||
| 999 | |c 441498 |d 471467 | ||
| 952 | |0 0 |6 XX(566286.000001) |7 4 |9 762846 |a IIUM |b IIUM |g 0.00 |o XX(566286.1) |p 11100425441 |r 1900-01-02 |t 1 |v 0.00 |y THESIS | ||
